000 01700nam a2200445 4500
001 0000024470
003 CO-CtgCURN
005 20250329191010.0
007 ta
008 160628s2002 000 0 eng d
020 _a9702401216 (OBRA
040 _aCO-CtgCURN
_bspa
_ccoctgcurn
082 0 _a530
_bR28
100 1 _aHalliday, David.
245 1 0 _aFundamentos de fisica /
_cDavid Halliday, Robert Resnick, Jearl Walker , traducción Jorge Humberto Romo.
250 _a3a ed.
260 _aMexico :
_bContinental,
_c2002.
300 _a2 v. :
_bilustrado fotografias diagramas.
336 _2rdacontent
337 _2rdamedia
_asin mediacion
_bn
338 _2rdacarrier
_avolumen
_bnc
505 8 _av.1. Medicion.--Vectores.--Equilibrio y elasticidad.--Gravitacion.--Ondas.--Oscilaciones.--Ondas electromagneticas.--Fotones y ondas de materia.-- v.2.Carga electrica.--Campos electricos.--Ley de Gauss.--Corriente y resistencia.--Circuitos.--Campos magneticos
650 1 4 _aMedicion.
650 1 4 _aFuerza y energia.
650 1 4 _aEquilibrio.
650 1 4 _aOndas.
650 1 4 _aElectrostatica.
650 1 4 _aTermodinamica.
650 1 4 _aFisica.
700 1 _aResnick, Robert,
700 1 _aRomo, Jorge Humberto,
_eTraductor.
908 _a160627
942 _cBK
_h530
_iR28
_2ddc
999 _c10720
_d10720